The role religion on sport anxiety among elite athletes in Malaysia : an exploratory study /
Saved in:
| Main Author: | |
|---|---|
| Format: | Thesis Book |
| Language: | English |
| Published: |
2019.
|
| Subjects: | |
| Online Access: | http://studentsrepo.um.edu.my/11766/ |
| Tags: |
Add Tag
No Tags, Be the first to tag this record!
|
| LEADER | 01451cam a2200373 i 4500 | ||
|---|---|---|---|
| 001 | u1124120 | ||
| 003 | SIRSI | ||
| 005 | 201910081618 | ||
| 008 | 191008s2019 my a m 000 0 eng | ||
| 040 | |a UMM |d AUM |e rda | ||
| 043 | |a a-my--- | ||
| 090 | |a GV361 |b UM 2019 Syas | ||
| 100 | 0 | |a Syazana Shahdan, |e author. | |
| 245 | 1 | 4 | |a The role religion on sport anxiety among elite athletes in Malaysia : |b an exploratory study / |c Syazana Shahdan. |
| 264 | 1 | |c 2019. | |
| 300 | |a xiii, 102 leaves : |b illustrations ; |c 30 cm | ||
| 336 | |a text |2 rdacontent | ||
| 337 | |a unmediated |2 rdamedia | ||
| 337 | |a computer |2 rdamedia | ||
| 338 | |a volume |2 rdacarrier | ||
| 338 | |a computer disc |2 rdacarrier | ||
| 502 | |b M.Sports Sc. |c Pusat Sukan & Sains Eksesais, Universiti Malaya |d 2019. | ||
| 504 | |a Bibliography: leaves 81-91. | ||
| 530 | |a Also issued in CD. | ||
| 650 | 0 | |a Athletes |z Malaysia |x Psychology. | |
| 650 | 0 | |a Sports |x Psychological aspects. | |
| 650 | 0 | |a Motivation (Psychology) | |
| 650 | 0 | |a Performance anxiety. | |
| 710 | 2 | |a Universiti Malaya. |b Pusat Sukan dan Sains Eksesais, |e degree granting institution. | |
| 856 | 4 | 1 | |u http://studentsrepo.um.edu.my/11766/ |
| 596 | |a 1 25 | ||
| 900 | |a NSM | ||
| 999 | |a GV361 UM 2019 SYAS |w LC |c 1 |i A517303755 |f 31/10/2019 |g 1 |l STACKS |m P01UTAMA |r Y |s N |t TESIS |u 31/10/2019 |1 STEM | ||
| 999 | |a GV361 UM 2019 SYAS |w LC |c 1 |i A517303429 |f 25/9/2020 |g 1 |l STACKS |m P25UMARCHI |r N |s Y |t CD |u 22/9/2020 |1 STEM |o .STAFF. MST-CD4065 | ||
